000 00345nam a22001457a 4500
008 210426b ||||| |||| 00| 0 eng d
020 _a0387976817
041 _aeng
080 _a618
082 _a618
100 _a10
101 _aGJIN
245 _aPercutaneous Venous Blood Sampling in Endocrine Diseases
_cUflacker,R
942 _2udc
_cBK
999 _c56697
_d56697